000 00297nam a2200109Ia 4500
008 160531s9999 xx 000 0 und d
100 _aGarcia, Maria-Dolores.
245 _aZoology
245 _cEdited by Maria-Dolores Garcia
260 _c2012
856 _uhttp://www.intechopen.com/books/zoology
999 _c295303
_d295303